| 000 | 00641nam a22001697a 4500 | ||
|---|---|---|---|
| 082 |
_a891.43909 _bPUR |
||
| 100 | p | _aFateh Puri, Dr Farman | |
| 245 |
_aUrdu kay Char Bray Shayar/ _cDr Farman Fateh Puri |
||
| 260 |
_aLahore: _bAl Waqar Publications, _c2015. |
||
| 300 |
_a576p. : _c25cm. |
||
| 563 | _aHB | ||
| 650 |
_aUrdu poetry — History and criticism _9129714 |
||
| 880 |
_6100-01\(3\r _aڈاکٹر فرمان فتح پوری |
||
| 880 |
_6245-02\(3\r _aاردو کے چار بڑے شاعر/ _bڈاکٹر فرمان فتح پوری |
||
| 880 |
_6260-03\(3\r _aلاہور _bال وقار پبلکیشنز _c2015 |
||
| 942 |
_2ddc _cBK |
||
| 999 |
_c614273 _d614273 |
||